| 000 | 00680nam a2200229 a 4500 | ||
|---|---|---|---|
| 005 | 20140310183451.0 | ||
| 008 | 090108s19uu xx 00 eng d | ||
| 020 | _a9781412916585 | ||
| 050 |
_aHD 58.6 _b.R83 2007 |
||
| 100 | _aRudd, Jill E. | ||
| 245 |
_aCommunicating in global business negotiations : _ba geocentric approach / _cJill E. Rudd |
||
| 260 |
_aLos Angeles : _bSage Publications, _c2007. |
||
| 300 |
_a276 p. : _c24 cm. |
||
| 521 | _aBSBA | ||
| 650 | _aBSBA. | ||
| 650 | _aNegotiation in business. | ||
| 650 | _aBusiness communication. | ||
| 650 | _aIntercultural communication. | ||
| 700 | _aLawson, Diana R. | ||
| 942 |
_cBK _2lcc _kFOR |
||
| 999 |
_c23427 _d23427 |
||